Giáo trình hóa lí T.2 Nhiệt động lực học hóa học

Gespeichert in:
Bibliographische Detailangaben
1. Verfasser: Nguyễn Đình Huề
Format: Buch
Veröffentlicht: H. Giáo dục 1982
Schriftenreihe:Sách đại học sư phạm
Schlagworte:
Tags: Tag hinzufügen
Keine Tags, Fügen Sie den ersten Tag hinzu!
Thư viện lưu trữ: Trung tâm Học liệu Lê Vũ Hùng, Trường Đại học Đồng Tháp
LEADER 01006pam a22002538a 4500
001 00020542
005 20171026081023.0
008 110518s1982 ||||||Viesd
041 0 # |a Vie 
082 1 # |a 541.071  |b GI108TR 
100 0 # |a Nguyễn Đình Huề 
245 0 0 |a Giáo trình hóa lí  |c Nguyễn Đình Huề  |n T.2  |p Nhiệt động lực học hóa học 
260 # # |a H.  |b Giáo dục  |c 1982 
300 # # |a 240 tr.  |c 21 cm. 
490 0 # |a Sách đại học sư phạm 
650 |a Giáo trình 
650 |a Hóa lý học 
653 # # |a Nhiệt động lực học 
852 # # |b Kho giáo trình  |j KGT.0006273, KGT.0006274, KGT.0006275 
852 # # |b Kho mượn  |j KGT.0006273, KGT.0052789, KGT.0052856 
852 # # |b Kho đọc  |j KD.0005940 
852 # # |j KD.0005940  |j KGT.0006273  |j KGT.0006275  |j KGT.0052856  |j KGT.0006274  |j KGT.0052789  |j KGT.0053883 
910 # # |a nhnam  |d 18/05/2011 
980 # # |a Trung tâm Học liệu Lê Vũ Hùng, Trường Đại học Đồng Tháp